Sharing the gospel with muslims : (Record no. 10515)
[ view plain ]
| 000 -LEADER | |
|---|---|
| fixed length control field | 00665nam a22002052 4500 |
| 001 - CONTROL NUMBER | |
| control field | 0000001100 |
| 005 - DATE AND TIME OF LATEST TRANSACTION | |
| control field | 20151217154328.0 |
| 008 - FIXED-LENGTH DATA ELEMENTS--GENERAL INFORMATION | |
| fixed length control field | 070226s xx 000 0 eng d |
| 020 ## - INTERNATIONAL STANDARD BOOK NUMBER | |
| Terms of availability | KES 500 |
| 040 ## - CATALOGING SOURCE | |
| Original cataloging agency | KABU |
| Transcribing agency | KABU |
| 050 #0 - LIBRARY OF CONGRESS CALL NUMBER | |
| Classification number | BV2625 |
| Item number | .G55 2003 |
| 100 1# - MAIN ENTRY--PERSONAL NAME | |
| Personal name | Gilchrist, John. |
| -- | 0000149506 |
| 245 10 - TITLE STATEMENT | |
| Title | Sharing the gospel with muslims : |
| Remainder of title | a handbook for Bible-based Muslim evangelism / |
| Statement of responsibility, etc. | by John Gilchrist. |
| 260 ## - PUBLICATION, DISTRIBUTION, ETC. (IMPRINT) | |
| Place of publication, distribution, etc. | Claremont/Cape Town : |
| Name of publisher, distributor, etc. | Life Challenge Africa, |
| Date of publication, distribution, etc. | c2003. |
| 300 ## - PHYSICAL DESCRIPTION | |
| Extent | 160 p. ; |
| Dimensions | 21 cm. |
| 650 #0 - SUBJECT ADDED ENTRY--TOPICAL TERM | |
| Topical term or geographic name as entry element | Missions to Muslims. |
| -- | 0000149508 |
| 908 ## - PUT COMMAND PARAMETER (RLIN) | |
| Put command parameter | 070226 |
| 950 ## - LOCAL HOLDINGS (RLIN) | |
| -- | 1 |
| Withdrawn status | Lost status | Source of classification or shelving scheme | Not for loan | Home library | Current library | Date acquired | Total Checkouts | Full call number | Barcode | Date last seen | Date last checked out | Price effective from | Koha item type |
|---|---|---|---|---|---|---|---|---|---|---|---|---|---|
| Library of Congress Classification | Kabarak, Main Campus | Kabarak, Main Campus | 17/12/2015 | 2 | BV2625 .G55 2003 | 000389 | 02/08/2024 | 22/01/2020 | 17/12/2015 | General Collection |